Statistics for Winter Olympic Sports Quiz

Click here to take the quiz!

General Stats

  • This quiz has been taken 53,933 times
  • The average score is 9 of 15

Answer Stats

Sport % Correct
Figure Skating
86%
Snowboarding
77%
Ice Hockey
77%
Bobsleigh
77%
Curling
74%
Alpine Skiing
72%
Speed Skating
70%
Cross-country Skiing
63%
Ski Jumping
61%
Luge
61%
Biathlon
50%
Skeleton
49%
Freestyle Skiing
25%
Short Track Speed Skating
18%
Nordic Combined
14%

Score Distribution

Percentile by Number Answered

Percent of People with Each Score

Your Score History

You have not taken this quiz